[Event "Chervonograd Cup 11th"]
[Site "Chervonograd"]
[Date "2015.11.22"]
[Round "8"]
[White "Hapchyn, Mykola"]
[Black "Durnev, Vladimir"]
[Result "0-1"]
[WhiteElo "1979"]
[BlackElo "1969"]
[PlyCount "62"]
[EventDate "2015.11.19"]
[EventType "swiss"]
[EventRounds "9"]
[EventCountry "UKR"]
[SourceTitle "CBM 169 Extra"]
[Source "ChessBase"]
[SourceDate "2015.12.18"]
[SourceVersion "1"]
[SourceVersionDate "2015.12.18"]
[SourceQuality "1"]

1. e4 e5 2. f4 exf4 3. Bc4 Qh4+ 4. Kf1 d5 5. Nf3 Bg4 6. Bxd5 Bxf3 7. Qxf3 Nc6 8. Bxc6+ bxc6 9. e5 Ne7 10. d4 g5 11. Nc3 Rd8 12. Ne2 Bg7 13. Qe4 0-0 14. Bd2 f5 15. exf6 Bxf6 16. Be1 Qh5 17. c3 Nd5 18. Qe6+ Kg7 19. Qh3 Ne3+ 20. Kf2 Qg6 21. Qe6 Qh5 22. Qxc6 Rde8 23. Qf3 Qg6 24. h3 h5 25. Rc1 Bd8 26. Kg1 g4 27. Nxf4 gxf3 28. Nxg6 fxg2 29. Nxf8 Rxf8 30. Bd2 Rf1+ 31. Kh2 gxh1Q+ 0-1

[Event "Chervonograd Cup 11th"]
[Site "Chervonograd"]
[Date "2015.11.20"]
[Round "3"]
[White "Bilsky, Volodymyr"]
[Black "Hapchyn, Mykola"]
[Result "1-0"]
[WhiteElo "1917"]
[BlackElo "1979"]
[PlyCount "120"]
[EventDate "2015.11.19"]
[EventType "swiss"]
[EventRounds "9"]
[EventCountry "UKR"]
[SourceTitle "CBM 169 Extra"]
[Source "ChessBase"]
[SourceDate "2015.12.18"]
[SourceVersion "1"]
[SourceVersionDate "2015.12.18"]
[SourceQuality "1"]

1. d4 d5 2. Bf4 Nf6 3. e3 c5 4. c3 Qb6 5. Qb3 c4 6. Qc2 g6 7. Nd2 Bg7 8. Be2 0-0 9. e4 Nxe4 10. Nxe4 dxe4 11. Bxc4 Bf5 12. Be3 Qc7 13. Bd5 Nc6 14. Bxe4 Bxe4 15. Qxe4 e5 16. dxe5 Bxe5 17. Nf3 Rfe8 18. Nxe5 Rxe5 19. Qf3 Rf5 20. Qg3 Qxg3 21. hxg3 Rd8 22. 0-0 Rfd5 23. Rfe1 f6 24. b3 Rd3 25. Rac1 Kf7 26. b4 a6 27. a4 Ne5 28. Bd4 Nc4 29. Rcd1 Rxd1 30. Rxd1 Rd5 31. Re1 f5 32. f4 Rd7 33. Kf2 Nb2 34. Ra1 Re7 35. Kf3 Nc4 36. g4 Nd2+ 37. Kg3 fxg4 38. Kxg4 h5+ 39. Kh3 Re4 40. Rd1 Nc4 41. Kg3 Re2 42. Kf3 Ra2 43. a5 Rc2 44. g3 Ke6 45. Re1+ Kf5 46. Re7 Nd2+ 47. Ke3 Kg4 48. Kd3 Ra2 49. Re2 Nb3 50. Rxa2 Nc1+ 51. Kc2 Nxa2 52. Bf2 Kf3 53. Be1 Ke2 54. Bd2 Kf2 55. f5 gxf5 56. Bf4 Kf3 57. Bc7 Kg4 58. Kb2 Nxb4 59. cxb4 h4 60. gxh4 Kxh4 1-0

[Event "Lvov-ch"]
[Site "Lvov"]
[Date "2010.01.24"]
[Round "7"]
[White "Matseyko, Maxim"]
[Black "Hapchyn, Mykola"]
[Result "0-1"]
[WhiteElo "2120"]
[BlackElo "2158"]
[PlyCount "54"]
[EventDate "2010.01.20"]
[EventType "tourn"]
[EventRounds "13"]
[EventCountry "UKR"]
[EventCategory "1"]
[SourceTitle "CBM 134 Extra"]
[Source "ChessBase"]
[SourceDate "2010.03.03"]
[SourceVersion "1"]
[SourceVersionDate "2010.03.03"]
[SourceQuality "1"]

1. e4 d6 2. d4 g6 3. Nc3 Bg7 4. f4 c6 5. Nf3 Bg4 6. Be3 Bxf3 7. gxf3 Nd7 8. Qd2 e6 9. Bd3 d5 10. 0-0-0 Ne7 11. f5 exf5 12. exf5 Nf6 13. Bh6 Bxh6 14. Qxh6 Kd7 15. Qg7 Nxf5 16. Bxf5+ gxf5 17. Rde1 Rf8 18. Re5 Kc7 19. Rhe1 Qd6 20. Re7+ Nd7 21. Qxh7 Qf4+ 22. Kb1 Qxf3 23. Qh4 Rad8 24. h3 Rh8 25. Qf6 Qxh3 26. Qxf7 Qh4 27. Qxf5 Qxe7 0-1